000 00416 a2200145 4500
005 20250627142516.0
020 _a0-07-255521-1
082 _a330 SCH
100 _aSCHILLER,B.R.
245 _aStudent Problem Set for use with: The Economy Today, The Macro Economy Today, The Micro Economy Today
250 _a9th Ed.
260 _aBoston,
_bMcGraw-Hill/Irwin,
_c2003.
300 _aviii,72p.
_c28cm
942 _2ddc
_cBKS
999 _c5682
_d5682